MARC

LEADER 00000nam0a2200000 4500
001 253109
005 20231031214225.0
020 |a RU  |b 89-44716 
035 |a (RuTPU)RU\TPU\book\275492 
090 |a 253109 
100 |a 20140311d1988 k a0rusy5003 ca 
101 0 |a rus 
102 |a RU 
105 |a y z 001zy 
200 1 |a Анализ и планирование топливно-энергетического комплекса Сибири  |e сборник научных трудов  |g Академия наук СССР (АН СССР), Сибирское отделение (СО), Институт экономики и организации промышленного производства (ИЭОПП) ; под ред. Г. М. Мкртчяна, Н. И. Пляскиной 
210 |a Новосибирск  |c Изд-во ИЭИОПП  |d 1988 
215 |a 163 с. 
320 |a Библиогр. в конце ст. 
606 1 |a Топливно энергетические ресурсы  |x Сибирь  |2 stltpush  |3 (RuTPU)RU\TPU\subj\60948 
610 1 |a топливно-энергетические комплексы 
610 1 |a анализ 
610 1 |a планирование 
610 1 |a затраты 
610 1 |a развитие 
610 1 |a научно-технический прогресс 
610 1 |a добыча 
610 1 |a моделирование 
610 1 |a прогнозирование 
675 |a 620.91.004  |z rus 
702 1 |a Мкртчян  |b Г. М.  |g Гагик Мкртичевич  |4 340 
702 1 |a Пляскина  |b Н. И.  |g Нина Ильинична  |4 340 
712 0 2 |a Академия наук СССР (АН СССР)  |b Сибирское отделение (СО)  |b Институт экономики и организации промышленного производства (ИЭОПП)  |c (Новосибирск)  |2 stltpush  |3 (RuTPU)RU\TPU\col\12174 
801 0 |a RU  |b RuMRKP  |c 19960704  |g psbo 
801 1 |a RU  |b 63413507  |c 20140311 
801 2 |a RU  |b 63413507  |c 20140505  |g RCR 
942 |c BK